| 000 | 00813nam a2200217Ia 4500 | ||
|---|---|---|---|
| 001 | 23188 | ||
| 003 | GE_BSU | ||
| 008 | 181216s||||||||xx |||||||||||||| ||und|| | ||
| 040 | _cGE_BSU | ||
| 080 | _a821.111-11 | ||
| 100 | _aბაირონი | ||
| 245 | _aმანფრედი. კაენი. ჩაილდ ჰაროლდის მოგზაურობა | ||
| 245 | _cთარგმანი [და წინასიტყვაობა] კ. ჭიჭინაძისა | ||
| 260 | _aთბილისი | ||
| 260 | _bსახელგამი | ||
| 260 | _c1948 | ||
| 300 | _a199გვ. ; 21სმ. | ||
| 541 | _h6 ლ. 90 თ. | ||
| 653 | _aმანფრედი. კაენი. ჩაილდ ჰაროლდის მოგზაურობა | ||
| 942 | _cBK | ||
| 999 |
_c56088 _d56088 |
||